| 000 | 01278nam0a22002891 4500 | ||
|---|---|---|---|
| 001 | rc\2715200 | ||
| 005 | 20260406144508.0 | ||
| 035 | _a(NLR Aleph) 006843050 | ||
| 090 |
_a6666183 _c6666183 |
||
| 100 | _a20110915d1938 |||y0rusy50 ca | ||
| 101 | 0 | _arus | |
| 102 | _aRU | ||
| 105 | _ay z |||a| | ||
| 200 | 1 |
_aО "Плодах просвещения" _eСборник статей к постановке комедии Л. Н. Толстого _fХудож. С. В. Сенаторский |
|
| 210 |
_aЛенинград _cТип. артели "Сов. печатник" _d1938 |
||
| 215 |
_a128 с. _d14 см. |
||
| 225 | 1 |
_aКнижная полка театра юных зрителей _fГос. театр юных зрителей |
|
| 320 | _a"Что читать о Л. Н. Толстом и "Плодах просвещения" (стр. 126) | ||
| 702 | 1 |
_4570 _7ca _8rus _aТолстой _bЛ. Н. _f1828-1910 _gЛев Николаевич _9111537 _3RU\NLR\AUTH\771515 |
|
| 702 | 1 |
_aСенаторский _bС.В. _4440 |
|
| 710 | 0 | 2 |
_aЛенинградский театр юных зрителей _9343623 _3RU\NLR\AUTH\889923849 |
| 801 | 0 |
_aRU _bNLR _gpsbo |
|
| 801 | 1 |
_aRU _bELAR _2rusmarc |
|
| 852 |
_aNLR _j38-1/38 |
||
| 942 | _cBOOK | ||
| 980 | _aNB | ||